Che Guevara - Culture Générale - Statistiques

Statistiques générales
  • Ce quiz a été pris 239 fois
  • Le résultat moyen est 8 sur 12
Statistiques - réponses
Question Réponse % Correct
Quel est le vrai nom de Che Guevara? Ernesto Guevara
93%
Qui lui a demandé de le suivre à Cuba en 1955 ? Fidel Castro
88%
De quel pays est-il originaire? Argentine
86%
Pourquoi est-il partis à Cuba en 1955? Faire la révolution cubaine
86%
Quels études a-t-il fait? Médecine
79%
Quel fut son surnom? (en espagnol) El Che
77%
Avec qui fait-il son premier voyage? Son ami d'enfance Alberto Granado
69%
Par quelles autorités est-il arrêté le 8 octobre 1967? Les Forces spéciales bolivienne
54%
En quel année se termine-t-elle? 1959
42%
Che Guevara tente de faire le même combat qu'a Cuba dans un autre pays en 1965. Duquel s'agit-il ? République démocratique de Congo
38%
Combien de voyage en Amerique latine a-t-il fait avant d'aller à Cuba? 2
36%
Quel jour est-il exécuté ? le 9 octobre 1967
33%
Aucun quiz correspondant
Distribution des résultats
% des personnes avec chaque résultat
Percentile par nombre de réponses
Votre historique - résultats
Vous n’avez pas pris ce quiz